<?xml version="1.0" encoding="UTF-8"?>
<record
    xmlns:xsi="http://www.w3.org/2001/XMLSchema-instance"
    xsi:schemaLocation="http://www.loc.gov/MARC21/slim http://www.loc.gov/standards/marcxml/schema/MARC21slim.xsd"
    xmlns="http://www.loc.gov/MARC21/slim">

  <leader>01772nab a2200265 i 4500</leader>
  <controlfield tag="001">BPP</controlfield>
  <controlfield tag="003">BPK</controlfield>
  <controlfield tag="005">20190610123832.0</controlfield>
  <controlfield tag="008">140513s2011    pl     f     |000 0 pol</controlfield>
  <datafield tag="040" ind1=" " ind2=" ">
    <subfield code="c">BPK</subfield>
  </datafield>
  <datafield tag="041" ind1=" " ind2=" ">
    <subfield code="a">pol</subfield>
    <subfield code="b">eng</subfield>
  </datafield>
  <datafield tag="044" ind1=" " ind2=" ">
    <subfield code="a">POL</subfield>
  </datafield>
  <datafield tag="080" ind1=" " ind2=" ">
    <subfield code="a">621.73/.77</subfield>
  </datafield>
  <datafield tag="100" ind1=" " ind2=" ">
    <subfield code="a">&#x141;UPICKA, Oliwia.</subfield>
    <subfield code="d">2008 - .</subfield>
    <subfield code="b">Politechnika Koszali&#x144;ska - Instytut Mechantroniki, Nanotechnologii i Techniki Pr&#xF3;&#x17C;niowej,</subfield>
    <subfield code="c">Centralne Laboratorium Instytutu</subfield>
  </datafield>
  <datafield tag="245" ind1=" " ind2=" ">
    <subfield code="a">Kszta&#x142;towanie warstwy wierzchniej w po&#x142;&#x105;czonych procesach kulowania i azotowania na przyk&#x142;adzie stali 40HM (42CrMo4) = </subfield>
    <subfield code="b">Forming of the surface layer of 42CrMo4 steel in connected processes of shot peening and nitriding /</subfield>
    <subfield code="c">Oliwia &#x141;upicka, Bogdan Warcholi&#x144;ski.</subfield>
  </datafield>
  <datafield tag="260" ind1=" " ind2=" ">
    <subfield code="c">2011.</subfield>
  </datafield>
  <datafield tag="500" ind1=" " ind2=" ">
    <subfield code="a">Dane z autopsji.</subfield>
  </datafield>
  <datafield tag="520" ind1=" " ind2=" ">
    <subfield code="a">W pracy przedstawiono wyniki bada&#x144; dotycz&#x105;ce wp&#x142;ywu obr&#xF3;bki plastycznej (kulowania) poprzedzaj&#x105;cej proces azotowania na w&#x142;a&#x15B;ciwo&#x15B;ci warstwy wierzchniej, m. in. badania profili twardo&#x15B;ci, badania twardo&#x15B;ci powierzchniowej, budow&#x119; i sk&#x142;ad fazowy przypowierzchniowej warstwy w&#x119;gloazotk&#xF3;w &#x17C;elaza. W przeprowadzonym eksperymencie przyj&#x119;to sta&#x142;y czas procesu kulowania (360s) oraz trzy warto&#x15B;ci ci&#x15B;nienia powietrza 0,35, 0,45 i 0,55MPa. G&#x142;&#xF3;wnym celem pracy by&#x142;o zaprezentowanie wp&#x142;ywu r&#xF3;&#x17C;nych parametr&#xF3;w kulowania na kszta&#x142;towanie si&#x119; i budow&#x119; warstwy azotowanej.</subfield>
  </datafield>
  <datafield tag="650" ind1=" " ind2="0">
    <subfield code="a">Kulowanie.</subfield>
  </datafield>
  <datafield tag="650" ind1=" " ind2="0">
    <subfield code="a">In&#x17C;ynieria powierzchni</subfield>
  </datafield>
  <datafield tag="650" ind1=" " ind2="0">
    <subfield code="a">Twardo&#x15B;&#x107;</subfield>
  </datafield>
  <datafield tag="773" ind1=" " ind2=" ">
    <subfield code="i">W :</subfield>
    <subfield code="t">In&#x17C;ynieria Powierzchni. -</subfield>
    <subfield code="g">2011, nr 4, s. 43-49</subfield>
  </datafield>
  <datafield tag="700" ind1=" " ind2=" ">
    <subfield code="a">WARCHOLI&#x143;SKI, Bogdan.</subfield>
    <subfield code="d">1996 - .</subfield>
    <subfield code="b">Politechnika Koszali&#x144;ska - Instytut Mechatroniki, Nanotechnologii i Techniki Pr&#xF3;&#x17C;niowej,</subfield>
    <subfield code="c">Zak&#x142;ad Nanotechnologii Pr&#xF3;&#x17C;niowo-Plazmowej</subfield>
  </datafield>
  <datafield tag="942" ind1=" " ind2=" ">
    <subfield code="c">ART</subfield>
    <subfield code="2">UKD</subfield>
  </datafield>
  <datafield tag="999" ind1=" " ind2=" ">
    <subfield code="c">5243</subfield>
    <subfield code="d">5243</subfield>
  </datafield>
  <datafield tag="952" ind1=" " ind2=" ">
    <subfield code="0">0</subfield>
    <subfield code="1">0</subfield>
    <subfield code="4">0</subfield>
    <subfield code="7">0</subfield>
    <subfield code="a">BPK</subfield>
    <subfield code="b">BPK</subfield>
    <subfield code="o">01450</subfield>
    <subfield code="y">ART</subfield>
  </datafield>
</record>
